| 000 | 01015naa a22002897a 4500 | ||
|---|---|---|---|
| 001 | BR5500082 | ||
| 003 | BR-BrBNA | ||
| 005 | 20240918172832.0 | ||
| 007 | ta | ||
| 008 | 230509b bl.||||| |||| 00| 0 por d | ||
| 040 |
_aBR-BrBNA _bpor _cBiblioteca Nacional de Agricultura |
||
| 041 | _a(En) | ||
| 072 | _aL40 | ||
| 090 | _aL40 BR5500082 | ||
| 100 | 1 | _aHirsch, G.C. | |
| 111 | 1 |
_aSimposio sobre Secrecao Celular _cBelo Horizonte, MG (Brazil) _d14 Mar 1955 |
|
| 245 | 1 | _aSome dynamical aspects of secretion [Estrutura animal; Secrecao celular] | |
| 260 | 3 |
_aBelo Horizonte, MG (Brasil): _c1955. |
|
| 500 | _aSimposio sobre Secrecao Celular Belo Horizonte, MG (Brasil): 1955. p. 25-45 (BR5500082-AM)L40 | ||
| 650 | _aEstrutura animal | ||
| 650 | _aSecrecao celular | ||
| 650 | _aMorfologia animal | ||
| 650 | _aCitologia animal | ||
| 773 | 0 |
_tSimposio sobre Secrecao Celular _wL40 BR5500082 _gBelo Horizonte, MG (Brasil), 1955. p. 25-45 |
|
| 909 |
_a202404 _bLucia _c55 _dLucia Elande |
||
| 942 |
_cAM _2AGRIS |
||
| 999 |
_c301662 _d301662 |
||